Khoáng vật học Silicat
Giáo trình khoáng vật học Silicat cung cấp cho người đọc những kiếnthức đại cương về tính chất quang học của tinh thể cũng như việc nghiên cứu, xác định tính chất quang học nhằm nhận biết loại tinh thể khoáng. Ngoài ra, giáo trình cũng đề ca...
Na minha lista:
| Autor principal: | |
|---|---|
| Formato: | Livro |
| Idioma: | Undetermined |
| Publicado em: |
Hà Nội
Khoa học và Kỹ thuật
2006
|
| Assuntos: | |
| Tags: |
Adicionar Tag
Sem tags, seja o primeiro a adicionar uma tag!
|
| Thư viện lưu trữ: | Trung tâm Học liệu Trường Đại học Cần Thơ |
|---|
| LEADER | 01092nam a2200205Ia 4500 | ||
|---|---|---|---|
| 001 | CTU_131409 | ||
| 008 | 210402s9999 xx 000 0 und d | ||
| 020 | |c 21000 | ||
| 082 | |a 549.6 | ||
| 082 | |b M312 | ||
| 100 | |a Huỳnh, Đức Minh | ||
| 245 | 0 | |a Khoáng vật học Silicat | |
| 245 | 0 | |c Huỳnh Đức Minh | |
| 260 | |a Hà Nội | ||
| 260 | |b Khoa học và Kỹ thuật | ||
| 260 | |c 2006 | ||
| 520 | |a Giáo trình khoáng vật học Silicat cung cấp cho người đọc những kiếnthức đại cương về tính chất quang học của tinh thể cũng như việc nghiên cứu, xác định tính chất quang học nhằm nhận biết loại tinh thể khoáng. Ngoài ra, giáo trình cũng đề cập đến các khoáng tồnt ại trong các nguyên liệu và các sản phẩm silicat đại diện cho nhiều chủng loại khác nhau. | ||
| 650 | |a Silicates,Vật liệu Silicat | ||
| 904 | |i Nguyên | ||
| 980 | |a Trung tâm Học liệu Trường Đại học Cần Thơ | ||